书目信息 |
| 题名: |
受益一生的北大领导课
|
|
| 作者: | 汪建民 编著 | |
| 分册: | ||
| 出版信息: | 北京 北京工业大学出版社 2015 |
|
| 页数: | 258页 | |
| 开本: | 24cm | |
| 丛书名: | ||
| 单 册: | ||
| 中图分类: | C933-49 | |
| 科图分类: | ||
| 主题词: | 领导学--ling dao xue--通俗读物 | |
| 电子资源: | ||
| ISBN: | 978-7-5639-4268-8 | |
| 000 | 00802nam0 22002291 450 | |
| 001 | 0122100914 | |
| 005 | 20170322100914.0 | |
| 010 | @a978-7-5639-4268-8@dCNY30.00 | |
| 100 | @a20150712d2015 em y0chiy50 ea | |
| 101 | 0 | @achi |
| 102 | @aCN@b110000 | |
| 105 | @ay z 000yy | |
| 106 | @ar | |
| 200 | 1 | @a受益一生的北大领导课@9shou yi yi sheng de bei da ling dao ke@f汪建民编著 |
| 210 | @a北京@c北京工业大学出版社@d2015 | |
| 215 | @a258页@d24cm | |
| 330 | @a本书将北大的领导课相关理念整理汇编,并通过大量典型的案例加以剖析讲解。全书从内在魅力、决策、人才、实践、激励、沟通等几个方面来展开对领导力的分析与阐述。 | |
| 606 | 0 | @a领导学@9ling dao xue@j通俗读物 |
| 690 | @aC933-49@v5 | |
| 701 | 0 | @a汪建民@9wang jian min@4编著 |
| 801 | 0 | @aCN@bTANGWEI@c20170308 |
| 905 | @b0960694-7@dC933-49@e564@f4 | |
| 受益一生的北大领导课/汪建民编著.-北京:北京工业大学出版社,2015 |
| 258页;24cm |
| ISBN 978-7-5639-4268-8:CNY30.00 |
| 本书将北大的领导课相关理念整理汇编,并通过大量典型的案例加以剖析讲解。全书从内在魅力、决策、人才、实践、激励、沟通等几个方面来展开对领导力的分析与阐述。 |
| ● |
| 相关链接 |
|
|
|
|
正题名:受益一生的北大领导课
索取号:C933-49/564
 
预约/预借
| 序号 | 登录号 | 条形码 | 馆藏地/架位号 | 状态 | 备注 |
| 1 | 0960694 | 209606942 | 第一样本阅览室/ [索取号:C933-49/564] | 在馆 | |
| 2 | 0960695 | 209606951 | 第一借阅区/ [索取号:C933-49/564] | 在馆 | |
| 3 | 0960696 | 209606960 | 第一借阅区/ [索取号:C933-49/564] | 在馆 | |
| 4 | 0960697 | 209606979 | 第一借阅区/ [索取号:C933-49/564] | 在馆 |